00760cam a22002291 4500001001300000003000400013005001700017008004100034010001700075035002000092040002700112043001200139050001600151245002700167260005700194300005100251500007200302500004300374651003900417711005700456999001700513s 32000005 DLC20260227111911.0850506s1931 xx a m000 0 fre  as 32000005  a(OCoLC)12003018 aDLCcIDeKNdOCoLCdDLC aai-----00aDS534b.A5302aL'Indochine francaise. a[S.l. :bGouvernement general de l'Indochine,c1931] a1 p. leaf, 7-58 p., 2 leaves :bill. ;c23 cm. aAt head of title: Exposition coloniale internationale, Paris, 1931. aFolded map mounted on p. [3] of cover. 0aIndochinaxDescription and travel.2 aExposition coloniale internationale de Parisd(1931) c52713d52713